| 000 | 00000nam 2200000za 4500 |
| 001 | 9.632096 |
| 003 | CaOODSP |
| 005 | 20210624214634 |
| 007 | cr ||||||||||| |
| 008 | 150407s2005 onc|||||o f|0| 0 fre d |
| 040 | |aCaOODSP|bfre |
| 043 | |an-cn--- |
| 086 | 1 |aCH1-3/2005F-PDF |
| 110 | 1 |aCanada. |bPatrimoine canadien. |
| 245 | 10|aGuide des programmes d'appui financier de Patrimoine canadien |h[ressource électronique] : |bcréer le Canada ensemble. |
| 260 | |aOttawa : |bPatrimoine canadien, |c2005. |
| 300 | |a109 p. |
| 500 | |aLe n° de catalogue (CH1-3/2005) et l’ISBN (0-662-68844-9) de l'édition imprimée ont été incorrectement copiés dans l’édition PDF. |
| 520 | 3 |aCe document est un guide des programmes de subventions, de bourses, de crédits d’impôt et autres programmes d’appui financier offerts par le ministère du Patrimoine canadien dans les catégories suivantes : les autochtones, les arts et la culture, le patrimoine du Canada, notre mémoire numérique, le multiculturalisme, les langues officielles, le sport et les jeunes. On y trouvera une brève description de chacun des programmes suivie de renseignements sur les personnes qui peuvent présenter une demande, quand elles peuvent le faire et où. Les programmes changent de temps en temps, c’est pourquoi on encourage les lecteurs à consulter le site Web du ministère (www.patrimoinecanadien.gc.ca) afin qu’ils y trouvent les renseignements les plus récents. |
| 590 | |a05-29|b2005-07-22 |
| 691 | 07|aPatrimoine|2gcpds |
| 775 | 08|tGuide to Canadian Heritage financial support programs |w(CaOODSP)9.687657 |
| 776 | 0#|tGuide to Canadian Heritage financial support programs : |w(CaOODSP)9.666273 |
| 776 | 0#|tGuide des programmes d'appui financier de Patrimoine canadien : |w(CaOODSP)9.666274 |
| 794 | |tGuide des programmes d'appui financier de Patrimoine canadien |w(CaOODSP)9.632643 |
| 856 | 40|ahttp://publications.gc.ca|qPDF|s457 Ko|uhttps://publications.gc.ca/collections/Collection/CH1-3-2005F.pdf |